Language Quiz

Random Language or Italian Quiz

In 6 Languages: Clothing Quiz Stats

 Plays Quiz Updated Aug 27, 2017

     
Support Sporcle.
Go Orange.
Score 0/10 Timer 05:00
0 Plays Today
% Correct
Hat
78.4%
Tie
66.4%
Belt
56%
Shirt
48.4%
Sweater
45.2%
Pants
41.3%
Dress
37.7%
Shoe
34.9%
Glove
33.3%
Sock
16.1%

From the Vault

Mystery Country Word Search

by puckett86

We're going to assume that Carmen Sandiego is involved somehow.
Remove Ads.
Support Sporcle.
Get the best of Sporcle when you Go Orange. This ad-free experience offers more features, more stats, and more fun while also helping to support Sporcle. Thank you for becoming a member.

Show Comments

Extras

Top Quizzes Today


Score Distribution

Your Account Isn't Verified!

In order to create a playlist on Sporcle, you need to verify the email address you used during registration. Go to your Sporcle Settings to finish the process.

Report this User

Report this user for behavior that violates our Community Guidelines.

Details: